Современный подход для организации доступа к библиографической информации на основе OPAC; Индустриальные информационные системы: ИИС-2015

Chi tiết về thư mục
Parent link:Индустриальные информационные системы: ИИС-2015.— 2015.— [С. 39]
Tác giả của công ty: Томский политехнический университет (ТПУ) Научно-техническая библиотека (НТБ)
Tác giả khác: Колобов О. С. Олег Сергеевич, Чуприкова Н. Т. Наталья Трофимовна, Князева А. А. Анна Анатольевна, Турчановский И. Ю. Игорь Юрьевич
Tóm tắt:Заглавие с экрана
Ngôn ngữ:Tiếng Nga
Được phát hành: 2015
Loạt:Студенческая секция
Những chủ đề:
Truy cập trực tuyến:http://conf.nsc.ru/files/conferences/iis2015/299241/ThesisIIS2015.pdf#page=40
Định dạng: Điện tử Chương của sách
KOHA link:https://koha.lib.tpu.ru/cgi-bin/koha/opac-detail.pl?biblionumber=646315

MARC

LEADER 00000naa0a2200000 4500
001 646315
005 20250604142551.0
035 |a (RuTPU)RU\TPU\network\11451 
035 |a RU\TPU\network\11361 
090 |a 646315 
100 |a 20160222d2015 k y0rusy50 ca 
101 0 |a rus 
102 |a RU 
135 |a drcn ---uucaa 
181 0 |a i  
182 0 |a b 
200 1 |a Современный подход для организации доступа к библиографической информации на основе OPAC  |f О. С. Колобов [и др.] 
203 |a Текст  |c электронный 
225 1 |a Студенческая секция 
300 |a Заглавие с экрана 
463 |t Индустриальные информационные системы: ИИС-2015  |o сборник тезисов докладов Всероссийской конференции с международным участием, г. Новосибирск, 20-24 сентября 2015 г.  |f Российская академия наук (РАН), Сибирское отделение (СО), Конструкторско-технологический институт вычислительной техники (КТИ ВТ)  |v [С. 39]  |d 2015 
610 1 |a электронный ресурс 
610 1 |a труды учёных ТПУ 
610 1 |a библиографическая информация 
610 1 |a OPAC 
610 1 |a НТБ ТПУ 
701 1 |a Колобов  |b О. С.  |g Олег Сергеевич 
701 1 |a Чуприкова  |b Н. Т.  |c главный библиотекарь-технолог НТБ Томского политехнического университета  |f 1956-  |g Наталья Трофимовна  |3 (RuTPU)RU\TPU\pers\24236  |9 10722 
701 1 |a Князева  |b А. А.  |c специалист в области информатики и вычислительной техники  |c инженер отдела информационных технологий НТБ Томского политехнического университета  |f 1981-  |g Анна Анатольевна  |3 (RuTPU)RU\TPU\pers\31972 
701 1 |a Турчановский  |b И. Ю.  |c специалист в области автоматики и электроники  |c доцент Томского политехнического университета, кандидат физико-математических наук  |f 1959-  |g Игорь Юрьевич  |3 (RuTPU)RU\TPU\pers\31978 
712 0 2 |a Томский политехнический университет (ТПУ)  |b Научно-техническая библиотека (НТБ)  |3 (RuTPU)RU\TPU\col\15103 
801 2 |a RU  |b 63413507  |c 20160222  |g RCR 
850 |a 63413507 
856 4 |u http://conf.nsc.ru/files/conferences/iis2015/299241/ThesisIIS2015.pdf#page=40 
942 |c CF